[Event "Cerrado"]
[Site "Cerrado"]
[Date "1997.??.??"]
[Round "3"]
[White "Baron Rodriguez, Jorge"]
[Black "Del Rey, Diego"]
[Result "0-1"]
[WhiteElo "2255"]
[BlackElo "2325"]

1.d4 Nf6 2.Nf3 g6 3.c4 Bg7 4.Nc3 O-O 5.e4 d6 6.Be2 e5 7.O-O Nc6 8.d5 Ne7
9.b4 a5 10.Ba3 axb4 11.Bxb4 b6 12.a4 Ne8 13.Nb5 f5 14.Nd2 c5 15.dxc6 Nxc6
16.Bc3 Be6 17.Bf3 Rc8 18.Qe2 Kh8 19.Rac1 Nf6 20.Qd3 Ne8 21.exf5 gxf5 22.Bd5 Bd7
23.f4 Qe7 24.Rce1 e4 25.Qe3 Rb8 26.Nb3 Nf6 27.N3d4 Nxd4 28.Nxd4 Nxd5 29.cxd5 Rbc8
30.Rc1 Rc5 31.Nc6 Bxc6 32.dxc6 Rc8 33.Bd4 R5xc6 34.Bxb6 Rc3 35.Qd2 Qd7 36.Rxc3 Rxc3
37.a5 Qc6 38.Bd4 Rc2 39.Qb4 Bxd4+ 40.Qxd4+ Kg8 41.h3 Rc1 42.Qb4 Kf7 43.Qb6 Qc4
44.Rxc1 Qxc1+ 45.Kf2 Qxf4+ 46.Ke2 Qg3 47.a6 Qd3+ 48.Kf2 Qd2+ 49.Kg1 e3 50.Qb3+ Kf6
51.Qg8 e2 52.Qf8+ Ke6 53.Qe8+ Kd5 54.Qf7+ Kd4 55.Qf6+ Kc4 56.Qe6+ Kb4 57.Qxf5 e1=Q+
58.Kh2  0-1

[Event "Cerrado"]
[Site "Cerrado"]
[Date "1997.??.??"]
[Round "4"]
[White "Pogorelov, Ruslan"]
[Black "Baron Rodriguez, Jorge"]
[Result "1-0"]
[WhiteElo "2465"]
[BlackElo "2255"]

1.Nf3 Nf6 2.c4 g6 3.Nc3 Bg7 4.e4 d6 5.d4 O-O 6.Be2 e5 7.O-O Nc6 8.d5 Ne7
9.b4 Nh5 10.Re1 a5 11.bxa5 Rxa5 12.Nd2 Nf4 13.Bf1 c5 14.Nb3 Ra6 15.a4 b6
16.Bd2 f5 17.g3 Nh5 18.exf5 Nxf5 19.Ne4 h6 20.Bg2 Nf6 21.Qe2 Nd4 22.Nxd4 exd4
23.Ra3 Bf5 24.h3 Ra7 25.Nxf6+ Qxf6 26.Rf3 Qd8 27.g4 Bd7 28.Rxf8+ Qxf8 29.Be4 Qf7
30.Qd3 Kh7 31.Rb1 Bxa4 32.Rxb6 Qf6 33.Qg3 Rd7 34.h4 Qe5 35.Qxe5 Bxe5 36.f4 Bf6
37.h5 Re7 38.Bxg6+ Kg7 39.Bd3 Bd1 40.g5 hxg5 41.fxg5 Be5 42.h6+ Kf8 43.Bg6 Ra7
44.Rb8+ Ke7 45.h7 Ra1 46.Re8+ Kd7 47.Rxe5  1-0

[Event "Cherkessk"]
[Site "Cherkessk"]
[Date "1997.??.??"]
[Round "6"]
[White "Zakharstov, Viacheslav V"]
[Black "Lobzhanidze, Davit"]
[Result "1-0"]
[WhiteElo "2430"]
[BlackElo "2375"]

1.d4 Nf6 2.c4 g6 3.Nc3 Bg7 4.e4 d6 5.Nf3 O-O 6.Be2 e5 7.O-O Nc6 8.d5 Ne7
9.b4 a5 10.Ba3 Nd7 11.bxa5 Rxa5 12.Bb4 Ra8 13.a4 Kh8 14.a5 Ng8 15.Nd2 f5
16.Bd3 Rf7 17.Qc2 Nh6 18.Na4 Nf6 19.f3 fxe4 20.fxe4 Nfg4 21.Rxf7 Nxf7 22.Nf3 Bh6
23.Bd2 Ng5 24.Nxg5 Bxg5 25.h3 Bxd2 26.Qxd2 Nf6 27.c5 Bd7 28.Nb2 Nh5 29.cxd6 cxd6
30.Nc4 Kg8 31.Nxd6 Bxh3 32.Nxb7 Qe7 33.a6 Bg4 34.Qf2 Rf8 35.Qxf8+ Kxf8 36.a7 Qg5
37.a8=Q+ Kg7 38.Qa7 Nf4 39.Nd6+  1-0

[Event "Chicago op"]
[Site "Chicago"]
[Date "1997.??.??"]
[Round "4"]
[White "Pupols, Viktors"]
[Black "Belakovskaia, Anjelina"]
[Result "1/2-1/2"]
[WhiteElo "2230"]
[BlackElo "2365"]

1.d4 Nf6 2.c4 g6 3.Nc3 Bg7 4.e4 d6 5.Be2 O-O 6.Nf3 e5 7.O-O Nc6 8.d5 Ne7
9.Ne1 Nd7 10.f3 f5 11.g4 Kh8 12.Rf2 c6 13.Nd3 Rf7 14.Bd2 Ng8 15.Rg2 Ndf6
16.Kh1 Ne8 17.Qg1 Nc7 18.Be3 c5 19.gxf5 gxf5 20.f4 exf4 21.Nxf4 Qe7 22.e5 Qxe5
23.Nh5 Ne8 24.Bf4 Qe7 25.Bf3 Qf8 26.Rd1 Bd7 27.Nxg7 Rxg7 28.Rxg7 Qxg7 29.Qxg7+ Kxg7
30.Rg1+ Kf8 31.Bh5 Ngf6 32.Bh6+ Ke7 33.Bg5 Kf8 34.Bxe8 Nxe8 35.Re1 f4 36.Bxf4 Bf5
37.Nb5 a6 38.Bxd6+ Kf7 39.Nc7 Nxc7 40.Bxc7 Rg8  1/2-1/2

[Event "Capablanca 32th Premier-A"]
[Site "Cienfuegos"]
[Date "1997.??.??"]
[Round "4"]
[White "Vera, Reynaldo"]
[Black "Leyva, Ricardo"]
[Result "1-0"]
[WhiteElo "2510"]
[BlackElo "2370"]

1.d4 Nf6 2.c4 g6 3.Nc3 Bg7 4.e4 d6 5.Be2 O-O 6.Nf3 e5 7.O-O Nc6 8.Be3 h6
9.d5 Ne7 10.Nd2 Nd7 11.b4 f5 12.f3 Nf6 13.c5 g5 14.Rc1 Ng6 15.cxd6 cxd6 16.Nb5 Rf7
17.Nc4 Bf8 18.Nxa7 fxe4 19.fxe4 Nf4 20.Nxc8 Rxc8 21.g3 Nxe4 22.Bg4 Rg7 23.Bb6 Qe8
24.Bf5 Nf6 25.Nxd6 Rxc1 26.Nxe8 Rxd1 27.Nxf6+ Kf7 28.Rxd1 Kxf6 29.Bc8 Ne2+
30.Kg2 Bd6 31.Bc5 Rc7 32.Bg4 Bxc5 33.bxc5 Nd4 34.Rf1+ Kg7 35.Rc1 Kf6 36.d6 Rg7
37.Rf1+ Kg6 38.Re1 Kf6 39.Bc8 Nc6 40.Rf1+ Kg6 41.Bf5+ Kf6 42.Bd7+ Kg6 43.Be8+ Kh7
44.Rf8 Nd4 45.Ba4 Rg8 46.Rxg8 Kxg8 47.d7  1-0

[Event "Capablanca 32th Premier-A"]
[Site "Cienfuegos"]
[Date "1997.??.??"]
[Round "8"]
[White "Rivera, Alberto"]
[Black "De la Paz, Frank"]
[Result "1-0"]
[WhiteElo "2440"]
[BlackElo "2390"]

1.d4 Nf6 2.Nf3 g6 3.c4 Bg7 4.Nc3 O-O 5.e4 d6 6.Be2 e5 7.O-O Nc6 8.d5 Ne7
9.Nd2 a5 10.a3 Nd7 11.Rb1 f5 12.b4 Kh8 13.f3 Ng8 14.Qc2 Ngf6 15.Bd3 f4 16.Be2 h5
17.c5 dxc5 18.bxc5 Nxc5 19.Nb5 b6 20.Bb2 Ne8 21.Nc4 Nd7 22.a4 Ba6 23.Ba3 Rf6
24.Qc3 Rf7 25.Rfd1 Bxb5 26.Rxb5 Qf6 27.d6 c6 28.Nxb6 cxb5 29.Nxa8 b4 30.Qc8 bxa3
31.Qxe8+ Rf8 32.Qxd7 Rxa8 33.Bc4 Qd8 34.Qf7 Kh7 35.Kf1 Qe8 36.Qd5 Qxa4 37.Bb3 Qe8
38.d7  1-0

[Event "Corsica rap op"]
[Site "Corsica"]
[Date "1997.??.??"]
[Round "9"]
[White "Shneider, Aleksandr"]
[Black "Shchekachev, Andrei"]
[Result "0-1"]
[WhiteElo "2570"]
[BlackElo "2510"]

1.d4 g6 2.c4 Bg7 3.Nc3 Nf6 4.e4 d6 5.Be2 O-O 6.Nf3 e5 7.O-O Nc6 8.d5 Ne7
9.b4 c6 10.a4 a5 11.bxa5 c5 12.Nd2 Rxa5 13.Rb1 Ra6 14.Nb3 Nd7 15.a5 f5 16.exf5 gxf5
17.Nb5 Ng6 18.Bh5 e4 19.f4 exf3 20.Bxf3 Nde5 21.Be2 f4 22.Bd2 Rf7 23.Kh1 Bf5
24.Rc1 Be4 25.Nc3 Bf5 26.Be1 Qg5 27.Nd2 Rxa5 28.Nf3 Qh6 29.Ne4 Bxe4 30.Bxa5 Ng4
31.h3 Ne3 32.Qa4 Nxf1 33.Rxf1 Ne5 34.Bd2 Qg6 35.Qe8+ Bf8 36.Rg1 Qh5 37.Rf1  0-1

[Event "Corsico op"]
[Site "Corsico"]
[Date "1997.??.??"]
[Round "3"]
[White "Dallaglio, Giovanni"]
[Black "Marcoli, Paolo"]
[Result "0-1"]
[WhiteElo "2075"]
[BlackElo "2150"]

1.d4 Nf6 2.c4 g6 3.Nc3 Bg7 4.e4 d6 5.Nf3 O-O 6.Be2 e5 7.O-O Nc6 8.d5 Ne7
9.Ne1 Ne8 10.Be3 f5 11.f3 f4 12.Bf2 g5 13.g4 c5 14.Nd3 Ng6 15.b4 b6 16.bxc5 bxc5
17.Rb1 Rf7 18.a4 Bf6 19.Be1 Nh4 20.h3 h5 21.Bxh4 gxh4 22.Nf2 hxg4 23.hxg4 Rh7
24.Nh3 Qd7 25.Kf2 Bd8 26.Qd3 Rg7 27.Rg1 Ba5 28.Bd1 Nf6 29.Bc2 a6 30.Ke2 Ra7
31.Nd1 Nh5 32.gxh5 Qxh3 33.Nf2 Qh2 34.Rh1 Qg3 35.Rb8 Rac7 36.Qd1 Kh7 37.Qf1 Bc3
38.Rb6 Rcd7 39.Ng4 Rxg4 40.fxg4 Qe3+  0-1

[Event "Costa Rica-ch"]
[Site "Costa Rica"]
[Date "1997.??.??"]
[Round "4"]
[White "Rodriguez, Adrian"]
[Black "Melendez, Esteban"]
[Result "1-0"]
[WhiteElo "2105"]
[BlackElo "2015"]

1.d4 Nf6 2.c4 g6 3.Nc3 Bg7 4.e4 d6 5.Nf3 O-O 6.Be2 e5 7.O-O Nc6 8.d5 Ne7
9.Ne1 Nd7 10.Be3 f5 11.f3 f4 12.Bf2 g5 13.b4 Nf6 14.c5 Ng6 15.cxd6 cxd6 16.Rc1 Rf7
17.a4 Bf8 18.a5 Bd7 19.Nb5 g4 20.Kh1 g3 21.Bg1 Nh5 22.Nc7 gxh2 23.Bf2 Rc8
24.Ne6 Bxe6 25.dxe6 Rfc7 26.Rxc7 Rxc7 27.Qb3 Kh8 28.Bc4 Ng3+ 29.Bxg3 fxg3
30.Nc2 Bh6 31.Rd1 Ne7 32.b5 Rc5 33.Qd3 Qc7 34.Na3 Nc8 35.f4 Bxf4 36.Qe2 Ne7
37.b6 axb6 38.Nb5 Qc6 39.Nxd6 Kg7 40.Qg4+ Kf6 41.Qh4+ Bg5 42.Qxh7  1-0

[Event "Costa Rica-ch"]
[Site "Costa Rica"]
[Date "1997.??.??"]
[Round "6"]
[White "Valdes, Leonardo"]
[Black "Minero Pineda, Sergio"]
[Result "1-0"]
[WhiteElo "2235"]
[BlackElo "2315"]

1.c4 g6 2.Nc3 Bg7 3.Nf3 d6 4.d4 Nf6 5.e4 O-O 6.Be2 e5 7.O-O Nc6 8.d5 Ne7
9.b4 a5 10.Ba3 axb4 11.Bxb4 Nd7 12.a4 h6 13.Nd2 f5 14.Kh1 Kh7 15.a5 Ng8 16.Qc2 Qe7
17.Nb3 Ndf6 18.Bd3 Ng4 19.h3 f4 20.Be2 h5 21.Nd2 Bh6 22.Nb5 Qh4 23.Nf3 Nxf2+
24.Rxf2 Qxf2 25.Rf1 Qe3 26.Nxc7 Nf6 27.Bd3 Ra7 28.Re1 Nxe4 29.Bxe4  1-0

[Event "Matanzas op"]
[Site "Cuba"]
[Date "1997.??.??"]
[Round "6"]
[White "Almeida, Omar"]
[Black "Perez, Luis Manuel"]
[Result "0-1"]
[WhiteElo "2320"]
[BlackElo "2290"]

1.d4 Nf6 2.c4 g6 3.Nc3 Bg7 4.e4 d6 5.Be2 O-O 6.Nf3 e5 7.O-O Nc6 8.d5 Ne7
9.b4 Nh5 10.Re1 f5 11.Ng5 Nf4 12.exf5 Nxf5 13.Nge4 Nd4 14.Bf1 a5 15.bxa5 Rxa5
16.Nb5 Nxb5 17.cxb5 b6 18.Bd2 Ra8 19.a4 Kh8 20.Bc3 Qe7 21.g3 Nh3+ 22.Bxh3 Bxh3
23.f4 Rae8 24.Nf2 Bc8 25.fxe5 dxe5 26.Ne4 Bb7 27.Ra2 Rd8 28.Rd2 Qa3 29.Rd3 Qa2
30.Bb4 Rf5 31.Qc1 Qxa4 32.Qxc7 Qxb4 33.Rdd1 Rxd5 34.Qxb7 Rxd1 35.Rxd1 Qxb5
36.Rd8+ Bf8 37.Rd1 Qe2 38.Qd5 b5 39.h3 h5 40.Qd3 Rf1+  0-1

[Event "Cutro"]
[Site "Cutro"]
[Date "1997.??.??"]
[Round "?"]
[White "Drasko, Milan"]
[Black "Cabrilo, Goran"]
[Result "1/2-1/2"]
[WhiteElo "2555"]
[BlackElo "2475"]

1.d4 Nf6 2.c4 g6 3.Nf3 Bg7 4.Nc3 O-O 5.e4 d6 6.Be2 e5 7.O-O Nc6 8.d5 Ne7
9.Ne1 Nd7 10.Nd3 f5 11.Bd2 Nf6  1/2-1/2

[Event "CZE-chT1a 9697"]
[Site "CZE"]
[Date "1997.??.??"]
[Round "?"]
[White "Kozak, Milos"]
[Black "Folk, Petr"]
[Result "1/2-1/2"]
[WhiteElo "2265"]
[BlackElo "2250"]

1.d4 Nf6 2.c4 g6 3.Nc3 Bg7 4.e4 d6 5.Nf3 O-O 6.Be2 e5 7.O-O Nc6 8.d5 Ne7
9.b4 Nh5 10.Re1 a5 11.bxa5 Rxa5 12.Nd2 Nf4 13.Bf1 f5 14.Nb3 Ra8 15.g3 Nh5
16.c5 Nf6 17.cxd6 cxd6 18.Nd2 fxe4 19.Ndxe4  1/2-1/2

[Event "CZE-chT2 9697"]
[Site "CZE"]
[Date "1997.??.??"]
[Round "?"]
[White "Civin, Tomas"]
[Black "Maskova, Jana"]
[Result "1-0"]
[WhiteElo "2235"]
[BlackElo "2240"]

1.d4 Nf6 2.c4 g6 3.Nc3 Bg7 4.e4 d6 5.Nf3 O-O 6.Be2 e5 7.O-O Nc6 8.d5 Ne7
9.Nd2 Ne8 10.b4 a5 11.bxa5 Rxa5 12.Nb3 Ra8 13.Be3 f5 14.f3 f4 15.Bf2 g5 16.a4 h5
17.a5 Ng6 18.c5 Kh7 19.Nb5 Rf7 20.cxd6 cxd6 21.Rc1 Qf6 22.Na7 Bd7 23.Bb5 Bxb5
24.Nxb5 Bf8 25.Rc3 Be7 26.Qe2 Bd8 27.Rfc1 Ne7 28.Bb6 Rg7 29.Bxd8 Rxd8 30.Nc7 Nxc7
31.Rxc7 Rb8 32.Rd7 Ng6 33.Qb5 g4 34.Rcc7 Ne7 35.Qe2 Rbg8 36.Rxb7 gxf3 37.Qxf3 Rxg2+
38.Qxg2 Rxg2+ 39.Kxg2 Qg5+ 40.Kf1 Qh4 41.Rxe7+  1-0

[Event "CZE-chT1c 9697"]
[Site "CZE"]
[Date "1997.??.??"]
[Round "?"]
[White "Slapak, Zdenek"]
[Black "Belaska, Premysl"]
[Result "1/2-1/2"]
[WhiteElo "2180"]
[BlackElo "2265"]

1.d4 Nf6 2.Nf3 g6 3.c4 Bg7 4.Nc3 O-O 5.e4 d6 6.Be2 e5 7.O-O Nc6 8.d5 Ne7
9.h3 h6 10.Be3 Kh8 11.Rc1 Ne8 12.Qd2 Ng8 13.Ne1 f5 14.f4 exf4 15.Bxf4 fxe4
16.Nxe4 Qe7 17.Bf3 g5 18.Be3 Nef6 19.Nxf6 Nxf6 20.Nc2 Bd7 21.Bd4 Rae8 22.Rce1 Qf7
23.Rxe8 Qxe8 24.Re1 Qf7 25.Ne3 Kg8 26.Qd3 Ne8 27.Rf1 Bxd4 28.Qxd4 Qg7 29.Qxg7+ Nxg7
30.Bg4 Bxg4 31.Nxg4 Rxf1+ 32.Kxf1 Nf5 33.Ke2 Kg7 34.Kd3 h5 35.Nf2 Nh4 36.g4 hxg4
37.hxg4 Kg6 38.Ke4 Kf6 39.b4 Ng6 40.Nd3 Ne7 41.a4 Ng8 42.c5 Kg6 43.Kd4 Nf6
44.Nf2 Kf7 45.c6 b6 46.a5 Kg6 47.a6 Kf7 48.Nd1 Nxg4 49.Nc3 Ne5 50.Nb5 g4
51.Nxd6+ Kf6 52.Ne4+ Kf5 53.b5 Ng6 54.d6 cxd6 55.Nxd6+ Kf4 56.c7 Ne7 57.Ne4 Kf5
58.Nd6+ Kf4 59.Ne4 Kf5 60.Nd6+ Kf4  1/2-1/2

[Event "CZE-chT1a 9697"]
[Site "CZE"]
[Date "1997.??.??"]
[Round "?"]
[White "Bakalar, Petr"]
[Black "Pokrupa, Marek"]
[Result "1-0"]
[WhiteElo "2340"]
[BlackElo "2145"]

1.d4 Nf6 2.c4 g6 3.Nc3 Bg7 4.e4 d6 5.Nf3 O-O 6.Be2 e5 7.O-O Nc6 8.d5 Ne7
9.Ne1 Ne8 10.f3 f5 11.g4 Kh8 12.Nd3 Ng8 13.Be3 f4 14.Bf2 Bf6 15.Qe1 h5 16.h3 Rf7
17.Kg2 Rh7 18.Rh1 b6 19.b4 a5 20.bxa5 Rxa5 21.a4 Bd7 22.Nc1 Ne7 23.Nb3 Ra8
24.Nb5 Kg8 25.a5 bxa5 26.Rxa5 Rxa5 27.Qxa5 hxg4 28.hxg4 Rxh1 29.Kxh1 Nc8
30.Qe1 c5 31.dxc6 Bxc6 32.Kg2 Ne7 33.Qd2 Qb8 34.Qa5 Nc8 35.Qa6 Qa8 36.Qxa8 Bxa8
37.Nc3 Nc7 38.c5 d5 39.exd5 Nxd5 40.Bc4 Ne7 41.Ne4 Kg7 42.g5 Nf5 43.gxf6+ Nxf6
44.Nxf6 Kxf6 45.Nd2 g5 46.Ne4+ Kg6 47.Kh3 Bc6 48.Bd3 Kh6 49.Nf6 Ne7 50.Ng4+  1-0

[Event "MSS-ch"]
[Site "CZE"]
[Date "1997.??.??"]
[Round "?"]
[White "Frolik, Martin"]
[Black "Rehurek, Lukas"]
[Result "1-0"]
[WhiteElo "2290"]
[BlackElo "1945"]

1.d4 Nf6 2.Nf3 g6 3.c4 Bg7 4.Nc3 d6 5.e4 O-O 6.Be2 e5 7.O-O Nc6 8.d5 Ne7
9.Nd2 Nd7 10.Rb1 a5 11.a3 f5 12.b4 axb4 13.axb4 f4 14.Bg4 b6 15.Bb2 Nf6 16.Bxc8 Qxc8
17.f3 h5 18.c5 Qd7 19.Nc4 Rfb8 20.cxb6 cxb6 21.Qe2 Nc8 22.Rfc1 Ne8 23.Ra1 Bf6
24.Na3 Nc7 25.Nab5 Ne8 26.Qc4 Ne7 27.Qf1 Qb7 28.Rxa8 Rxa8 29.Ra1 Rxa1 30.Qxa1 Nc8
31.Qa4 Kf8 32.Na3 Na7 33.Ncb5 Nc8 34.Qc2 Ne7 35.Bc1 Kf7 36.Bd2 Kf8 37.Be1 Kf7
38.Bf2 Kf8 39.g3 g5 40.Qc1 Kf7 41.Kh1 Kf8 42.gxf4 gxf4 43.Qg1 Nc8 44.Qg6 Qf7
45.Qf5 Na7 46.Nxa7 Qxa7 47.Nb5 Qf7 48.Qc8 Kg7 49.Bxb6 Be7 50.Nc7 Nf6 51.Qf5 Kh8
52.Ne6 Kg8 53.Bf2  1-0

[Event "MSS-ch"]
[Site "CZE"]
[Date "1997.??.??"]
[Round "?"]
[White "Michalcak, L."]
[Black "Skaroupka, Jiri"]
[Result "0-1"]
[WhiteElo "1910"]
[BlackElo "2105"]

1.d4 Nf6 2.c4 g6 3.Nc3 Bg7 4.e4 d6 5.Nf3 O-O 6.Be2 e5 7.O-O Nc6 8.d5 Ne7
9.b4 Nh5 10.Re1 Nf4 11.Bf1 a5 12.Ba3 axb4 13.Bxb4 b6 14.a4 Bd7 15.Qb3 f5
16.Nd2 Bh6 17.Qc2 fxe4 18.Ncxe4 Nf5 19.Nf3 g5 20.h3 g4 21.hxg4 Nh4 22.Nh2 Nfg6
23.Ra3 Nh8 24.Nxd6 cxd6 25.Bxd6 Bxa4 26.Rxa4 Qxd6 27.Rea1 Rxa4 28.Rxa4 Qc5
29.Nf3 Nxf3+ 30.gxf3 Rxf3 31.Ra8+ Rf8 32.Ra7 Ng6 33.Kg2 Bg5 34.Bd3 Nf4+ 35.Kh1 Rf7
36.Bxh7+ Kg7 37.Rxf7+ Kxf7 38.Qf5+ Kg7 39.Qxg5+ Kxh7 40.Qf5+ Ng6 41.Qh5+ Kg7
42.g5 Qf8 43.Kg1 Qf5 44.d6 Nf4 45.Qh6+ Kg8 46.g6 Qg4+  0-1

[Event "CZE-chT1b 9697"]
[Site "CZE"]
[Date "1997.??.??"]
[Round "?"]
[White "Skorpik, Martin"]
[Black "Vavra, Radim"]
[Result "1-0"]
[WhiteElo "2115"]
[BlackElo "2155"]

1.d4 Nf6 2.c4 g6 3.Nc3 Bg7 4.e4 O-O 5.Nf3 d6 6.Be2 e5 7.O-O Nc6 8.d5 Ne7
9.Ne1 Ne8 10.Nd3 f5 11.f3 f4 12.g4 g5 13.Bd2 Kf7 14.Kf2 h5 15.h3 Rh8 16.Rh1 a5
17.a3 c6 18.Qb3 cxd5 19.cxd5 Rb8 20.a4 Ng6 21.Kg2 Nf6 22.Nf2 Nh4+ 23.Kf1 Bd7
24.Nb5 Bf8 25.Qc3 Ra8 26.Qc7 Qxc7 27.Nxc7 Ra7 28.Nd1 hxg4 29.hxg4 Bxg4 30.fxg4 Nxe4
31.Be1 b6 32.Nb5 Ra8 33.Nbc3 Nc5 34.Nf2 Be7 35.Nce4 Nb3 36.Rd1 f3 37.Bc4 Nd4
38.Nh3 Ng2 39.Bf2 Nc2 40.Rd3 Nf4 41.Rxf3  1-0

[Event "CZE-chT2 9798"]
[Site "CZE"]
[Date "1997.??.??"]
[Round "2.3"]
[White "Gregor, Jiri"]
[Black "Ruzicka, Zdenek"]
[Result "1/2-1/2"]
[WhiteElo "2245"]
[BlackElo "2205"]

1.d4 Nf6 2.c4 d6 3.Nf3 g6 4.Nc3 Bg7 5.e4 O-O 6.Be2 Nc6 7.O-O e5 8.d5 Ne7
9.b4 a5 10.bxa5 Rxa5 11.Nd2 Ra8 12.Nb3  1/2-1/2

[Event "CZE-chT2 9798"]
[Site "CZE"]
[Date "1997.??.??"]
[Round "3.5"]
[White "Fiedler, Bedrich"]
[Black "Adamek, Zdenek"]
[Result "1-0"]
[WhiteElo "2205"]
[BlackElo "2135"]

1.d4 Nf6 2.Nf3 g6 3.c4 Bg7 4.Nc3 O-O 5.e4 d6 6.Be2 e5 7.O-O Nc6 8.d5 Ne7
9.b4 Nh5 10.Re1 f5 11.Ng5 Nf4 12.Bxf4 exf4 13.Rc1 Bh6 14.Nf3 fxe4 15.Nxe4 Nf5
16.c5 a5 17.b5 Kh8 18.Rc2 Bd7 19.a4 Be8 20.Nd4 Nxd4 21.Qxd4+ Bg7 22.Qd3 h5
23.Rec1 Be5 24.cxd6 cxd6 25.Rc7 Rb8 26.b6 Rf7 27.Qc2 Kg7 28.Qb3 Kh6 29.Bb5 Rf5
30.R1c4 Bg7 31.Rc1 Be5 32.Qd3 Bf7 33.Bd7  1-0

[Event "Moravia-chT 9798"]
[Site "CZE"]
[Date "1997.??.??"]
[Round "6.1"]
[White "Piza, Vlastimil"]
[Black "Belunek, Vladimir"]
[Result "0-1"]
[WhiteElo "2295"]
[BlackElo "2240"]

1.d4 Nf6 2.c4 g6 3.Nc3 Bg7 4.e4 d6 5.Nf3 O-O 6.Be2 e5 7.O-O Nc6 8.d5 Ne7
9.b4 Nh5 10.Re1 h6 11.c5 f5 12.Nd2 Nf6 13.f3 g5 14.exf5 Bxf5 15.Nde4 Nxe4
16.fxe4 Bg6 17.Be3 Kh7 18.Rc1 Ng8 19.cxd6 cxd6 20.Nb5 Rf7 21.Bh5 a6 22.Bxg6+ Kxg6
23.Nc3 Nf6 24.Rf1 Qd7 25.Ne2 Qg4 26.Qd3 Raf8 27.Ng3 h5 28.Rf5 Bh6 29.Bf2 Qh4
30.Rxf6+ Rxf6 31.Nf5 Qf4 32.Be3 Rxf5 33.Bxf4 Rxf4 34.h3 g4 35.hxg4 hxg4 36.Qe2 Kh5
37.Rc3 Bg5 38.Rh3+ Kg6 39.Rg3 Kh5 40.Rh3+ Kg6 41.Rc3 Bd8 42.Qe3 Rf1+ 43.Kh2 Rh8+
44.Kg3 Rf4 45.Qxf4 exf4+ 46.Kxg4 Bf6 47.Rc7 Rh4+ 48.Kf3 Rh7 49.Rc8 Be5 50.a4 Rg7
51.b5 axb5 52.axb5 Kf6 53.Rf8+ Ke7 54.Rb8 Rg3+ 55.Ke2 Rxg2+ 56.Kf1 Rb2 57.Rxb7+ Kd8
58.b6 Kc8 59.Rc7+ Kb8 60.Rc6 Kb7  0-1

[Event "CZE-chT 9697"]
[Site "CZE"]
[Date "1997.??.??"]
[Round "7"]
[White "Netusil, Miroslav"]
[Black "Znamenacek, Kvetoslav"]
[Result "0-1"]
[WhiteElo "2300"]
[BlackElo "2325"]

1.d4 Nf6 2.c4 g6 3.Nc3 Bg7 4.e4 d6 5.Be2 O-O 6.Nf3 e5 7.O-O Nc6 8.d5 Ne7
9.Ne1 Nd7 10.Nd3 f5 11.f4 exf4 12.exf5 Nxf5 13.Nxf4 Nc5 14.Kh1 Qh4 15.Nh3 Bd7
16.Bg5 Qd4 17.Ng1 h6 18.Qxd4 Nxd4 19.Bd2 Nxe2 20.Ngxe2 Nd3 21.b3 Bg4 22.Rab1 Rae8
23.Rxf8+ Rxf8 24.Ng3 Nf2+ 25.Kg1 Bd4 26.Nce2 Nh3+ 27.Kh1 Nf2+ 28.Kg1 Bb6
29.Bxh6 Bxe2 30.Bxf8 Nh3+ 31.Kh1 Nf2+ 32.Kg1 Ne4+ 33.Kh1 Nxg3+ 34.hxg3 Kxf8
35.Kh2 Bg4 36.Rf1+ Kg7 37.b4 Bf5 38.Re1 Kf7 39.Rc1 Bd4 40.c5 Be5 41.a4 Be4
42.Rd1 Kf6 43.Rf1+ Ke7 44.cxd6+ Kxd6 45.Kh3 Kxd5 46.Rd1+ Bd4  0-1

[Event "CZE-chT 9697"]
[Site "CZE"]
[Date "1997.??.??"]
[Round "11"]
[White "Pekarek, Ales"]
[Black "Pisk, Petr"]
[Result "0-1"]
[WhiteElo "2440"]
[BlackElo "2305"]

1.Nf3 Nf6 2.c4 g6 3.Nc3 Bg7 4.e4 d6 5.Be2 O-O 6.O-O e5 7.d4 Nc6 8.d5 Ne7
9.Bd2 Nh5 10.g3 Bh3 11.Re1 h6 12.Nh4 Nf6 13.Bf1 Bg4 14.f3 Bc8 15.Ng2 Nd7
16.Qc1 Kh7 17.Bd3 Nc5 18.Bc2 a5 19.Be3 b6 20.a3 f5 21.b4 axb4 22.axb4 Rxa1
23.Qxa1 Na6 24.Qa3 f4 25.gxf4 exf4 26.Bf2 Be5 27.Nb5 c5 28.bxc5 bxc5 29.Re2 g5
30.Be1 Rg8 31.Ba5 Qd7 32.Bd1 Qh3 33.Ra2 Ng6 34.Be1 g4 35.fxg4 f3 36.Bxf3 Bxh2+
37.Kf1 Rf8  0-1

[Event "Decin op"]
[Site "Decin"]
[Date "1997.??.??"]
[Round "5"]
[White "Al Khateeb, Ahmed"]
[Black "Kansky, Pavel"]
[Result "1-0"]
[WhiteElo "2320"]
[BlackElo "2125"]

1.d4 Nf6 2.c4 g6 3.Nc3 Bg7 4.e4 d6 5.Nf3 O-O 6.Be2 e5 7.O-O Nc6 8.d5 Ne7
9.b4 Nd7 10.a4 a5 11.bxa5 Rxa5 12.Nd2 f5 13.Ba3 b6 14.Bb4 Ra8 15.a5 fxe4
16.Ndxe4 Nf5 17.axb6 Rxa1 18.Qxa1 Nxb6 19.c5 dxc5 20.Bxc5 Re8 21.Rd1 Nd4
22.d6 Bf5 23.Bf1 h6 24.Qa7 Na8 25.Rb1 Nc6 26.Bc4+ Kh8 27.Qa4 Nd4 28.Bf7 Rf8
29.dxc7 Nxc7 30.Bxf8 Qxf8 31.Bc4 Nce6 32.Bd5 Qd8 33.Qa8 Qxa8 34.Bxa8 Kh7
35.Rb7 h5 36.Re7 Kh6 37.Nd6 h4 38.Bd5 Nf4 39.Nf7+ Kh7 40.Nxe5 h3 41.g4 Bc8
42.Ne4 Nxd5 43.Ng5+ Kg8 44.Re8+ Bf8 45.Rxc8 Kg7 46.Rd8 Nf4 47.Kf1  1-0

[Event "Neckar op 1st"]
[Site "Deizisau"]
[Date "1997.??.??"]
[Round "6"]
[White "Schnepp, Gunnar"]
[Black "Schmidt, Ralf"]
[Result "1-0"]
[WhiteElo "2270"]
[BlackElo "2025"]

1.d4 Nf6 2.c4 g6 3.Nc3 Bg7 4.e4 d6 5.Nf3 O-O 6.Be2 e5 7.O-O Nc6 8.d5 Ne7
9.Nd2 Nd7 10.a3 f5 11.b4 fxe4 12.Ndxe4 Nf6 13.Nxf6+ Bxf6 14.Bh6 Rf7 15.Ne4 Nf5
16.Nxf6+ Qxf6 17.Bd2 Nd4 18.f4 exf4 19.Bxf4 Nxe2+ 20.Qxe2 Qd4+ 21.Be3 Bg4
22.Bxd4 Bxe2 23.Rxf7 Kxf7 24.Rc1 b6 25.Kf2 Re8 26.c5 dxc5 27.bxc5 Bb5 28.d6 cxd6
29.cxd6 Rd8 30.Be5 Ke6 31.Re1 Kd5 32.Bf4 Rd7 33.Kg3 Bd3 34.Kh4 h5 35.Kg5 Be4
36.g3 Rf7 37.h4 Rf5+ 38.Kh6 Rf8 39.Kg5 Rf5+ 40.Kh6 Rf8 41.Kg7 Rd8 42.Kf6 Bf5
43.Rd1+ Ke4 44.Ke7 Rd7+ 45.Ke8 b5 46.Bg5 a5 47.Bf6 b4 48.axb4 axb4 49.Rd4+ Kf3
50.Rf4+ Kxg3 51.Rxf5 Rxd6 52.Be5+ Kxh4 53.Rf4+ Kh3 54.Bxd6 b3 55.Rb4  1-0

[Event "Neckar op 1st"]
[Site "Deizisau"]
[Date "1997.??.??"]
[Round "7"]
[White "Kekelidze, Mikheil"]
[Black "Kistner, Klaus"]
[Result "1-0"]
[WhiteElo "2400"]
[BlackElo "2230"]

1.d4 Nf6 2.c4 g6 3.Nc3 Bg7 4.e4 d6 5.Nf3 O-O 6.Be2 e5 7.O-O Nc6 8.d5 Ne7
9.b4 Nh5 10.g3 f5 11.Ng5 Nf6 12.f3 h6 13.Ne6 Bxe6 14.dxe6 c6 15.Qb3 g5 16.Be3 f4
17.Bf2 Qe8 18.Rad1 Rd8 19.g4 h5 20.h3 hxg4 21.hxg4 Nxg4 22.fxg4 f3 23.Bd3 Qg6
24.Bg3 Qxe6 25.Kf2 Qxg4 26.Rh1 Ng6 27.c5+ Rf7 28.Bc4 d5 29.Nxd5 cxd5 30.Bxd5 Rxd5
31.Qxd5 Nf4 32.Qd8+ Bf8 33.Rdg1 Qe6 34.Bxf4 Qxa2+ 35.Bd2 Rg7 36.Qd5+ Qxd5
37.exd5 g4 38.Rh4  1-0

[Event "GER-ch U20 qual"]
[Site "Dortmund"]
[Date "1997.??.??"]
[Round "?"]
[White "Goergens, Michael"]
[Black "Balcerak, Jakob"]
[Result "0-1"]
[WhiteElo "2155"]
[BlackElo "2250"]

1.d4 Nf6 2.c4 g6 3.Nc3 Bg7 4.e4 d6 5.Be2 O-O 6.Nf3 e5 7.O-O Nc6 8.d5 Ne7
9.Ne1 Nd7 10.Be3 f5 11.f3 f4 12.Bf2 g5 13.b4 Nf6 14.c5 Ng6 15.cxd6 cxd6 16.Nb5 g4
17.Rc1 g3 18.hxg3 fxg3 19.Bxg3 Nh5 20.Bh2 Bh6 21.f4 Nhxf4 22.Rc3 Bd7 23.Kh1 Qb6
24.a4 Nxe2 25.Qxe2 Bg4 26.Nf3 a6 27.Bg1 Qd8 28.Na3 Rc8 29.Rxc8 Qxc8 30.Be3 Bf4
31.Bxf4 Rxf4 32.Nc4 Bxf3 33.Rxf3 Rxf3 34.gxf3 Qh3+ 35.Kg1 Qh6 36.Kf2 Nf4
37.Qf1 Qh2+ 38.Ke3 Qc2 39.Nxd6 Ng2+  0-1

[Event "Porzellan Cup rap"]
[Site "Dresden"]
[Date "1997.??.??"]
[Round "25"]
[White "Shirov, Alexei"]
[Black "Uhlmann, Wolfgang"]
[Result "1-0"]
[WhiteElo "2690"]
[BlackElo "2480"]

1.d4 Nf6 2.c4 g6 3.Nc3 Bg7 4.e4 d6 5.Be2 O-O 6.Nf3 e5 7.O-O Nc6 8.d5 Ne7
9.b4 a5 10.Ba3 Nh5 11.c5 Nf4 12.Bc4 f5 13.bxa5 fxe4 14.Nxe4 Nf5 15.g3 Nh3+
16.Kg2 h6 17.Bb4 g5 18.Qd3 Kh8 19.Nfd2 Rg8 20.Kxh3 Ne3+ 21.g4 Bxg4+ 22.Kg3 Nxf1+
23.Rxf1 Bf5 24.cxd6 cxd6 25.Nxd6 Qxd6 26.Bxd6 Bxd3 27.Bxd3 Rxa5 28.Bc4 Rc8
29.Bb4 Raa8 30.Bb3 Bf8 31.d6 Rd8 32.Ne4 Rac8 33.Rd1 b6 34.Kg4 Kg7 35.Kf5  1-0

[Event "RUS-Cup5"]
[Site "Ekaterinburg"]
[Date "1997.??.??"]
[Round "2"]
[White "Shariyazdanov, Andrey"]
[Black "Pinjagin, Dmitry"]
[Result "0-1"]
[WhiteElo "2525"]
[BlackElo "2220"]

1.d4 Nf6 2.c4 g6 3.Nc3 Bg7 4.e4 d6 5.Be2 O-O 6.Nf3 e5 7.O-O Nc6 8.d5 Ne7
9.b4 a5 10.Ba3 Nd7 11.bxa5 Rxa5 12.Bb4 Ra8 13.a4 Nc5 14.Nd2 Na6 15.Ba3 f5
16.a5 fxe4 17.Ndxe4 Nf5 18.c5 Nxc5 19.Nxc5 dxc5 20.Bxc5 Nd6 21.Qb3 Rf7 22.Rfe1 Qf6
23.Ra2 h5 24.Bf1 Bf5 25.Bb4 Re8 26.Na4 Bc8 27.Nc5 e4 28.Rc2 Qf5 29.Ne6 Rxe6
30.dxe6 Bxe6 31.Qe3 Bd5 32.Rd1 Bf8 33.Bc5 Kh7 34.Qc3 c6 35.Be3 Bg7 36.Qa3 Qe6
37.Re1 Nf5 38.g3 Nd4 39.Bxd4 Bxd4 40.Rce2 Qf6 41.Bg2 Bxf2+ 42.Kh1 Bxe1 43.Rxe1 Qd4
44.h3 Qd2 45.Qe3 Qxe3 46.Rxe3 Kg7 47.Kg1 g5 48.Re2 Re7 49.Bf3 h4 50.gxh4 gxh4
51.Bg4 e3 52.Rc2 Kf6 53.Kf1 Ke5 54.Ke1 Kf4 55.Be2 Rg7 56.Bg4 c5 57.Rc1 Be4
58.Rd1 Bf3  0-1